1028 1351 1987 1844 1120 1483 1393 1814 1102 1352 1058 1256 1548 1046 1596 1732 1027 1022 1889 1156 1124 1371 1506 1485 1201 1710 1001 1706 1169 1094 1219 1390 1909 1260 1280 1806 1056 1923 1363 1170 1246 1823 1847 1796 1281 1782 1716 1748 1585 1421 1425 1270 1405 1043 1602 1332 1094 1094 1684 1957 1781 1467 1909 1120 1222 1359 1769 1128 1823 1942 1386 1271 1428 1421 1256 1078 1114 1534 1760 1517 1196 1630 1505 1139 1931 1752 1354 1797 1389 1896 1594 1683 1518 1732 1871 1260 1124 1032 1649 BCNSPRNW ULIB Ver.6.0+V

เปลี่ยนเป็นภาษาไทย

Change to English
 แสดงรายละเอียดบรรณานุกรม
  กลับหน้าหลัก

Brief Record : Get Marc (ISO 2709) : E-mail record : QR code < ปิดหน้าต่าง
สารบัญ Review โดย
เกษร โพธิ์สุวรรณ
ห้องสมุดวิทยาเขตสวรรค์ประชารักษ์
เกษร โพธิ์สุวรรณ เมื่อ23/ธันวาคม/2557
1. Vascular Anatomy of the Intestines
2. Overview of Mesenteric Ischemia
3. Acute Mesenteric Arterial Ischemia
4. Acute Mesenteric Venous Thrombosis
5. Chronic Mesenteric Ischemia
6. Ischemic Colitis
7. Mesenteric Vasculitis
8. Ectopic Varices and Portal Hypertensive
    Intestinal Vasculopathy
9. Hypercoagulable State
10. Aortoenteric Fistulae
11. Superior Mesenteric Artery Syndrome
12. Angiodysplasia
13. Diagnostic Radiology for Intestinal Vascular Disorders
14. Endoscopy in Intestinal Ischemia
15. Differential Diagnosis of Intestinal Ischemia and 
      Other Diagnosis on Pathology
16. Interventional Radiology in Intestinal Vascular Disorders
17. Surgery of Mesenteric Ischemia

LEADER : 00000nam 2200000uu 4500
001    13399124008
003     ULIB
008    141223s2556||||th 000 0 tha d
020    ^a9786162791970
060 04 ^aWG595.C3^bส826ร
100 0  ^aสุพจน์ พงศ์ประสบชัย
245 00 ^aโรคหลอดเลือดลำไส้ =^bIntestinal Vascular Disorders /^cสุพจน์ พงศ์ประสบชัย
250    ^aพิมพ์ครั้งที่ 1
260    ^aกรุงเทพฯ :^bกรุงเทพเวชสาร,^c2556
300    ^a266 หน้า :^bภาพประกอบ ; ตาราง ;^c22 ซม.
650  7 ^aหลอดเลือดแดงช่องท้อง
650  7 ^aโรคหลอดเลือดลำไส้
700 0  ^aพิเศษ พิเศษพงษา
700 0  ^aทยา กิติยากร,มล.
700 0  ^aองอาจ ไพรสณฑรางกูร
945    ^p500^l0^i037633
945    ^p500^l0^i037634
945    ^p500^l0^i037635
945    ^p500^l0^i037636
945    ^p500^l0^i037637
945    ^p500^l0^i037638
945    ^p500^l0^i037639
999    ^aเกษร โพธิ์สุวรรณ
รายการนี้ยังไม่มีแท็ก
คุณยังไม่ได้ล็อกอิน คุณสามารถมีกิจกรรมร่วมกับเว็บไซต์ได้ แต่ต้องล็อกอินก่อน ::
  ล็อกอิน

รายการสื่อสารสนเทศ

ลำดับที่ ประเภท เลขเรียก/บาร์โค้ด สถานที่ สถานะ
1. วิทยาศาสตร์การแพทย์ และสุขภาพ
หนังสือสำรอง
สถานะ=หนังสือสำรอง
WG595.C3 ส826ร ฉ.1 
  Barcode: 037633
ห้องสมุดวิทยาเขตสวรรค์ประชารักษ์
►ส่วนจัดเก็บหนังสือเก่า สปร
บนชั้น
  ขอยืม
2. วิทยาศาสตร์การแพทย์ และสุขภาพ
วิทยาศาสตร์การแพทย์ และสุขภาพ
WG595.C3 ส826ร ฉ.2 
  Barcode: 037634
ห้องสมุดวิทยาเขตสวรรค์ประชารักษ์
►ส่วนจัดเก็บหนังสือเก่า สปร
บนชั้น
  ขอยืม
3. วิทยาศาสตร์การแพทย์ และสุขภาพ
วิทยาศาสตร์การแพทย์ และสุขภาพ
WG595.C3 ส826ร ฉ.3 
  Barcode: 037635
ห้องสมุดวิทยาเขตสวรรค์ประชารักษ์
►ส่วนจัดเก็บหนังสือเก่า สปร
บนชั้น
  ขอยืม
4. วิทยาศาสตร์การแพทย์ และสุขภาพ
วิทยาศาสตร์การแพทย์ และสุขภาพ
WG595.C3 ส826ร ฉ.4 
  Barcode: 037636
ห้องสมุดวิทยาเขตสวรรค์ประชารักษ์
►ส่วนจัดเก็บหนังสือเก่า สปร
บนชั้น
  ขอยืม
5. วิทยาศาสตร์การแพทย์ และสุขภาพ
วิทยาศาสตร์การแพทย์ และสุขภาพ
WG595.C3 ส826ร ฉ.5 
  Barcode: 037637
ห้องสมุดวิทยาเขตสวรรค์ประชารักษ์
►ส่วนจัดเก็บหนังสือเก่า สปร
บนชั้น
  ขอยืม
6. วิทยาศาสตร์การแพทย์ และสุขภาพ
วิทยาศาสตร์การแพทย์ และสุขภาพ
WG595.C3 ส826ร ฉ.6 
  Barcode: 037638
ห้องสมุดวิทยาเขตสวรรค์ประชารักษ์
►ส่วนจัดเก็บหนังสือเก่า สปร
บนชั้น
  ขอยืม
7. วิทยาศาสตร์การแพทย์ และสุขภาพ
วิทยาศาสตร์การแพทย์ และสุขภาพ
WG595.C3 ส826ร ฉ.7 
  Barcode: 037639
ห้องสมุดวิทยาเขตสวรรค์ประชารักษ์
►ส่วนจัดเก็บหนังสือเก่า สปร
บนชั้น
  ขอยืม

รายการใกล้เคียง
    ผู้แต่ง [สุพจน์ พงศ์ประสบชัย]

    หัวเรื่อง [หลอดเลือดแดงช่องท้อง]
    หัวเรื่อง [โรคหลอดเลือดลำไส้]

BibComment


ยังไม่เคยถูกคอมเมนท์

คอมเมนท์ทรัพยากรรายการนี้
  คอมเมนท์: โรคหลอดเลือดลำไส..


 Copyright 2026. Bcnsprnw @Library